00665 2200241 4500001002100000005001500021035002000036007000300056008004100059020001800100082001300118084001900131100002500150245003900175250001000214260004400224300001200268500007400280650003800354856001700392990000700409990000700416INLIS00000000000007620220126094341 a0010-0122000076ta220126 g 0 ind  a9789790502581 a004.0151 a004.0151 SUH b0 aSuharno Widi Nugroho1 aBermain Matematika dengan Komputer aed. 1 aJakarta :bBina Sumber Daya Mipa,c2009 a100 hlm abuku ini merupakan panduan guru dalam menyampaikan materi tentang ICT 4aPrinsip matematika dalam komputer aKoleksi Umum a63 a64